Tvorivosť v odbornej práci a osobnej kariére
Pôvod a podstata tvorivosti. Učenie sa tvorivosti a odborná kariéra. Úrovne tvorivosti.
Gespeichert in:
| 1. Verfasser: | |
|---|---|
| Format: | Buchkapitel |
| Sprache: | Slowakisch |
| Schlagworte: | |
| Tags: |
Keine Tags, Fügen Sie das erste Tag hinzu!
|
MARC
| LEADER | 00000naa a2200000 4500 | ||
|---|---|---|---|
| 001 | r047644 | ||
| 005 | 20231002121448.9 | ||
| 041 | 0 | |a slo | |
| 044 | |a SK | ||
| 245 | 1 | 0 | |a Tvorivosť v odbornej práci a osobnej kariére |c Vladimír Choluj |
| 520 | |a Pôvod a podstata tvorivosti. Učenie sa tvorivosti a odborná kariéra. Úrovne tvorivosti. | ||
| 610 | 2 | 0 | |a tvorivosť vedecká |
| 610 | 2 | 0 | |a práca tvorivá |
| 610 | 2 | 0 | |a kariéra |
| 610 | 2 | 0 | |a kreativita |
| 100 | 1 | |a Choluj, Vladimír | |